| 000 | 01300nab a22002297a 4500 | ||
|---|---|---|---|
| 999 |
_c6442 _d6442 |
||
| 003 | OSt | ||
| 005 | 20260204094744.0 | ||
| 008 | 190429b xxu||||| |||| 00| 0 spa d | ||
| 040 | _cPJ | ||
| 100 |
_95734 _aValotta, Agustín M. |
||
| 245 | 1 | 3 |
_aLa fundamentación de la pena y los casos de las personas vinculadas al proceso penal de manera primaria u ocasional. La solución recomendada por la dogmática y la jurisprudencia / _cAgustín M. Valotta. |
| 260 |
_cCiudad Autónoma de Buenos Aires : _aThomson Reuters La Ley, _b2024. |
||
| 300 | _ap. 87-94 | ||
| 500 | _aCita Online: AR/DOC/2396/2024. | ||
| 505 | _aSumario: I. Presentación.— II. Introducción: la significación e importancia que merece la fundamentación de la pena.— III. Las razones suficientes que se sostienen a partir de los antecedentes de justificación necesaria.— IV. Consideraciones finales.— V. Fuentes de la investigación. | ||
| 505 | _tSi te interesa el texto completo, solicitalo a koha@justierradelfuego.gov.ar | ||
| 650 | 0 |
_9343 _aDERECHO PENAL |
|
| 650 | 0 |
_9193 _aPENA |
|
| 650 | 0 |
_94048 _aCUMPLIMIENTO DE LA PENA |
|
| 773 | 0 |
_02658 _93164 _tRevista de derecho penal y criminología. Nº 1 - Febrero 2024 _dCiudad Autónoma de Buenos Aires : Thomson Reuters La Ley, 2017- _x00347914 |
|
| 942 |
_2udc _cANA |
||